000 00360nam a2200145Ia 4500
005 20250316135550.0
008 240331s9999 xx 000 0 und d
082 _bBAL
_a894
100 _aBaleswari, N
245 0 _aThathai vidu thoothu
260 _aTrincomalee
_bWomen's Welfare Society
_c1992
300 _aXi, 102 p .,
650 _aShort Novel
942 _cL
999 _c4378
_d4378